000 00484cam a2200145 4500500
005 20260329012959.0
041 _afre
042 _adc
100 1 0 _aSesboüé, Bernard
_eauthor
245 0 0 _aHenri Denis , Semences , Desclée de Brouwer, 2004, 112 pages, 14,50 €
260 _c2005.
500 _a6
786 0 _nÉtudes | 402 | 2 | 2005-02-01 | p. XXVII-XXVII | 0014-1941
856 4 1 _uhttps://shs.cairn.info/revue-etudes-2005-2-page-XXVII?lang=fr&redirect-ssocas=7080
999 _c1876126
_d1876126